[Event "Team Championship, Div 1 Bd 3, S91129"]
[Site "CCLA"]
[Date "2019.10.12"]
[Round "?"]
[White "Cross, Gregory W."]
[Black "Laaman, Thomas"]
[Result "1-0"]
[WhiteElo "2257"]
[BlackElo "1625"]
[Board "4"]
[WhiteTeam "PA KEYSTONES 'A'"]
[BlackTeam "PAWNTASTICS"]

1. e4 e5 2. Bc4 Nf6 3. d3 Bc5 4. Nf3 Nc6 5. O-O d6 6. c3 O-O 7. Nbd2 Na5 
8. Bxf7+ Rxf7 9. b4 Bb6 10. bxa5 Bxa5 11. Ng5 Rf8 12. Nc4 Bb6 13. Qb3 d5 
14. Nxe5 h6 15. Ngf3 Kh7 16. exd5 Qxd5 17. c4 Qd8 18. Ba3 Re8 19. d4 c6 
20. Nf7 Qd7 21. Nd6 Rd8 22. Ne5 Qc7 23. c5 Ba5 24. Rab1 b6 25. Qc2+ Kg8 
26. Rb3 bxc5 27. Ndf7 Bb4 28. Qg6 Bd2 29. f4 Rf8 30. Nxh6+ 1-0

[Event "Team Championship, Div 1 Bd 3, S91129"]
[Site "CCLA"]
[Date "2019.10.12"]
[Round "?"]
[White "Cross, Gregory W."]
[Black "Sheaffer, David"]
[Result "1-0"]
[WhiteElo "2257"]
[BlackElo "1685"]
[Board "4"]
[WhiteTeam "PA KEYSTONES 'A'"]
[BlackTeam "PA KEYSTONES 'B'"]

1. e4 e6 2. d4 d5 3. Nd2 Nf6 4. e5 Nfd7 5. Bd3 c5 6. c3 Nc6 7. Ne2 cxd4 8.
 cxd4 Qb6 9. Nf3 f6 10. exf6 Nxf6 11. O-O Bd6 12. Bf4 Bxf4 13. Nxf4 Qxb2 
14. Rb1 Qa3 15. Ng5 Nxd4 16. Bxh7 Nxh7 17. Qh5+ Kd7 18. Nxh7 Qe7 19. Ng6 
Qe8 20. f4 b6 21. f5 Nxf5 22. Rbc1 Kd6 23. Qg4 e5 24. Nxh8 Qxh8 25. Qb4+ 
Ke6 26. Ng5+ Kf6 27. Rc6+ Kxg5 28. Qd2+ Kh4 29. Rg6 Qh5 30. Qf2+ 1-0

[Event "Team Championship, Div 1 Bd 3, S91129"]
[Site "CCLA"]
[Date "2019.10.12"]
[Round "?"]
[White "Cross, Gregory W."]
[Black "Walton, John C."]
[Result "1/2-1/2"]
[WhiteElo "2257"]
[BlackElo "1904"]
[Board "4"]
[WhiteTeam "PA KEYSTONES 'A'"]
[BlackTeam "CASTLES WEST 'A'"]

1. e4 c5 2. Nf3 e6 3. d4 cxd4 4. Nxd4 Nc6 5. Nc3 Qc7 6. Be2 a6 7. O-O Nf6 
8. Be3 Bb4 9. Na4 Be7 10. Nxc6 bxc6 11. Nb6 Rb8 12. Nxc8 Qxc8 13. e5 Nd5 
14. Bc1 Bc5 15. c4 Ne7 16. b3 Qc7 17. Bb2 d6 18. exd6 Bxd6 19. Qd4 Nf5 20.
 Qe4 c5 21. Kh1 O-O 22. Rad1 Rfd8 23. Rd3 Nd4 24. Bxd4 cxd4 25. Rxd4 Bc5 
26. Rxd8+ Rxd8 1/2-1/2

[Event "Team Championship, Div 1 Bd 3, S91129"]
[Site "CCLA"]
[Date "2019.10.12"]
[Round "?"]
[White "Laaman, Thomas"]
[Black "Cross, Gregory W."]
[Result "0-1"]
[WhiteElo "1625"]
[BlackElo "2257"]
[Board "4"]
[WhiteTeam "PAWNTASTICS"]
[BlackTeam "PA KEYSTONES 'A'"]

1. e4 e6 2. d4 d5 3. exd5 exd5 4. Bd3 Nf6 5. Nf3 Bd6 6. Qe2+ Be6 7. Ng5 
Qe7 8. Nxe6 Qxe6 9. O-O O-O 10. Qxe6 fxe6 11. Re1 Nc6 12. c3 e5 13. dxe5 
Nxe5 14. Bc2 Nfg4 15. f3 Rae8 16. Rf1 Bc5+ 17. Kh1 Nxf3 18. gxf3 Re2 0-1

[Event "Team Championship, Div 1 Bd 3, S91129"]
[Site "CCLA"]
[Date "2019.10.12"]
[Round "?"]
[White "Laaman, Thomas"]
[Black "Sheaffer, David"]
[Result "0-1"]
[WhiteElo "1625"]
[BlackElo "1685"]
[Board "4"]
[WhiteTeam "PAWNTASTICS"]
[BlackTeam "PA KEYSTONES 'B'"]

1. e4 e6 2. d4 d5 3. exd5 exd5 4. Bd3 c5 5. dxc5 Bxc5 6. Nf3 Nf6 7. Qe2+ 
Be7 8. O-O O-O 9. Bg5 Bg4 10. Re1 Nc6 11. Nbd2 Re8 12. h3 Bh5 13. Bxf6 
Bxf6 14. Qxe8+ Qxe8 15. Rxe8+ Rxe8 16. c3 d4 17. Nxd4 Nxd4 18. cxd4 Bxd4 
19. Rb1 Rd8 20. Ne4 Be5 21. Bc2 Bg6 22. f3 Rc8 23. Bd3 f5 24. Nf2 Kf7 25. 
b3 Kf6 26. Kf1 Bf7 27. g4 g6 28. Ke2 Bd4 29. Nd1 Ke5 30. Ne3 Kf4 31. Nc4 
Bxc4 32. Bxc4 Re8+ 33. Kd3 Bf6 34. Bd5 b6 35. a4 Rd8 36. Kc4 Rc8+ 37. Kd3 
Rc3+ 38. Kd2 Rc5 39. Bb7 Rc7 40. Ba8 Rd7+ 41. Ke2 Re7+ 42. Kd3 Kg3 43. 
gxf5 gxf5 44. Rh1 a5 45. Bc6 Rc7 46. Bd5 Rc5 47. Bg8 h5 48. Bf7 h4 49. Bc4
Kg2 50. Re1 Kxh3 51. Re6 Bd8 52. Rg6 Bc7 53. Ke3 Bg3 54. Rxb6 Re5+ 55. Kd3
f4 56. Rb5 Re3+ 57. Kd2 Kg2 58. Rxa5 Be1+ 0-1

[Event "Team Championship, Div 1 Bd 3, S91129"]
[Site "CCLA"]
[Date "2019.10.12"]
[Round "?"]
[White "Laaman, Thomas"]
[Black "Walton, John C."]
[Result "1/2-1/2"]
[WhiteElo "1625"]
[BlackElo "1904"]
[Board "4"]
[WhiteTeam "PAWNTASTICS"]
[BlackTeam "CASTLES WEST 'A'"]

1. e4 c5 2. Nf3 e6 3. g3 d5 4. exd5 exd5 5. d4 Nc6 6. Bg2 Bg4 7. O-O cxd4 
8. h3 Bxf3 9. Qxf3 Nf6 10. Bg5 Be7 11. Bxf6 Bxf6 12. Re1+ Kf8 13. Qxd5 
Qxd5 14. Bxd5 Nb4 15. Bb3 Rc8 16. Na3 g6 17. Rad1 Kg7 18. Re2 Rhd8 19. 
Red2 Nc6 20. Nc4 1/2-1/2

[Event "Team Championship, Div 1 Bd 3, S91129"]
[Site "CCLA"]
[Date "2019.10.12"]
[Round "?"]
[White "Sheaffer, David"]
[Black "Cross, Gregory W."]
[Result "0-1"]
[WhiteElo "1685"]
[BlackElo "2257"]
[Board "4"]
[WhiteTeam "PA KEYSTONES 'B'"]
[BlackTeam "PA KEYSTONES 'A'"]

1. Nf3 f5 2. g3 Nf6 3. Bg2 e6 4. c4 Be7 5. O-O O-O 6. b3 b6 7. Ne5 c6 8. 
Bb2 d5 9. d4 Bb7 10. Nd2 Bd6 11. cxd5 cxd5 12. Ndc4 Be7 13. Rc1 b5 14. Nd2
b4 15. Ndf3 Qb6 16. Qd3 Nbd7 17. Nxd7 Nxd7 18. Ne5 Nxe5 19. dxe5 Ba6 20. 
Qd2 Bc5 21. Bxd5 Rad8 22. Rxc5 Qxc5 23. Bxe6+ Kh8 24. Qg5 h6 25. Qg6 Qc2 
26. Bxf5 Rxf5 27. e6 Qxb2 28. e7 Rg8 29. e8=Q Rxe8 30. Qxe8+ Kh7 31. Qe6 
Qf6 32. Qe4 Qe5 33. Qxe5 Rxe5 34. Ra1 Rxe2 35. a3 bxa3 36. Rxa3 Re1+ 37. 
Kg2 Bb7+ 38. Kh3 a6 39. b4 Re2 40. f4 Rf2 0-1

[Event "Team Championship, Div 1 Bd 3, S91129"]
[Site "CCLA"]
[Date "2019.10.12"]
[Round "?"]
[White "Sheaffer, David"]
[Black "Laaman, Thomas"]
[Result "1-0"]
[WhiteElo "1685"]
[BlackElo "1625"]
[Board "4"]
[WhiteTeam "PA KEYSTONES 'B'"]
[BlackTeam "PAWNTASTICS"]

1. Nf3 d5 2. e4 dxe4 3. Ng5 Nf6 4. Bc4 e6 5. Nc3 Qd4 6. Qe2 Bc5 7. Ncxe4 
Nbd7 8. c3 Qe5 9. d4 Bxd4 10. cxd4 Qxd4 11. Be3 Qe5 12. f4 Qf5 13. Nxf7 
Kxf7 14. Bxe6+ Kxe6 15. Ng5+ Kd6 16. Nf7+ Ke7 17. Nxh8 Kf8 18. O-O-O Kg8 
19. g4 Qe4 20. Rhe1 Kxh8 21. h3 b6 22. Bd4 Qxf4+ 23. Qd2 Qxd2+ 24. Rxd2 h6
25. Re7 Kh7 26. h4 c5 27. Bc3 Kg6 28. h5+ Kh7 29. Rdxd7 Nxd7 30. Rxg7+ Kh8
31. Rxd7+ Kg8 32. Rg7+ Kf8 33. Rh7 Ke8 34. Rxh6 Bb7 35. Rh8+ Kd7 36. Rh7+ 
Kc6 37. Rxb7 Kxb7 38. h6 Rf8 39. h7 1-0

[Event "Team Championship, Div 1 Bd 3, S91129"]
[Site "CCLA"]
[Date "2019.10.12"]
[Round "?"]
[White "Sheaffer, David"]
[Black "Walton, John C."]
[Result "0-1"]
[WhiteElo "1685"]
[BlackElo "1904"]
[Board "4"]
[WhiteTeam "PA KEYSTONES 'B'"]
[BlackTeam "CASTLES WEST 'A'"]

1. Nf3 Nf6 2. g3 g6 3. Bg2 Bg7 4. O-O d5 5. c4 dxc4 6. Na3 O-O 7. Nxc4 c5 
8. d3 Nd5 9. Rb1 Nc6 10. Bg5 b5 11. Ne3 Nc7 12. Nd2 Bb7 13. Nc2 Qd7 14. 
Ne4 Ne6 15. Be3 Ncd4 16. Nxc5 Nxc5 17. Bxd4 Bxd4 18. Bxb7 Nxb7 19. Qd2 Bg7
20. e4 Nc5 21. Rfd1 Rac8 22. Ne3 f5 23. exf5 gxf5 24. Rbc1 f4 0-1

[Event "Team Championship, Div 1 Bd 3, S91129"]
[Site "CCLA"]
[Date "2019.10.12"]
[Round "?"]
[White "Walton, John C."]
[Black "Cross, Gregory W."]
[Result "1/2-1/2"]
[WhiteElo "1904"]
[BlackElo "2257"]
[Board "4"]
[WhiteTeam "CASTLES WEST 'A'"]
[BlackTeam "PA KEYSTONES 'A'"]

1. e4 e6 2. d4 d5 3. Nc3 Bb4 4. e5 c5 5. a3 Bxc3+ 6. bxc3 Ne7 7. Qg4 Qc7 
8. Bd3 c4 9. Be2 O-O 10. f4 Qa5 11. Bd2 Qa4 12. Bd1 Qb5 13. Bc1 Nbc6 14. 
Qe2 Bd7 15. a4 Qa5 16. Qd2 b5 17. h4 f6 18. Ba3 bxa4 19. h5 fxe5 20. fxe5 
h6 21. Be2 Rab8 22. Nf3 Nf5 23. Rh3 Rf7 24. g4 Nfe7 25. Nh4 Kh8 26. Rg3 
Kg8 27. g5 1/2-1/2

[Event "Team Championship, Div 1 Bd 3, S91129"]
[Site "CCLA"]
[Date "2019.10.12"]
[Round "?"]
[White "Walton, John C."]
[Black "Laaman, Thomas"]
[Result "1/2-1/2"]
[WhiteElo "1904"]
[BlackElo "1625"]
[Board "4"]
[WhiteTeam "CASTLES WEST 'A'"]
[BlackTeam "PAWNTASTICS"]

1. e4 e5 2. Nf3 Nf6 3. Nxe5 d6 4. Nf3 Nxe4 5. Nc3 Nxc3 6. dxc3 Be7 7. Be3 
O-O 8. Qd2 Nd7 9. O-O-O Re8 10. h4 c6 11. Kb1 d5 12. Bd3 Nc5 13. Ng5 Nxd3 
14. Qxd3 g6 15. f3 Bf5 16. Qd2 Bxg5 17. hxg5 Qe7 18. Bd4 1/2-1/2

[Event "Team Championship, Div 1 Bd 3, S91129"]
[Site "CCLA"]
[Date "2019.10.12"]
[Round "?"]
[White "Walton, John C."]
[Black "Sheaffer, David"]
[Result "1/2-1/2"]
[WhiteElo "1904"]
[BlackElo "1685"]
[Board "4"]
[WhiteTeam "CASTLES WEST 'A'"]
[BlackTeam "PA KEYSTONES 'B'"]

1. d4 e6 2. c4 f5 3. g3 Nf6 4. Bg2 c6 5. Nf3 Be7 6. O-O O-O 7. Nbd2 d5 8. 
Ne5 Nbd7 9. Nd3 Ne4 10. Qc2 Nxd2 11. Bxd2 Nf6 12. Bf4 Ne4 13. h4 Bf6 14. 
e3 dxc4 15. Bxe4 fxe4 16. Nc5 b5 17. Nxe4 Qd5 18. Rad1 Bb7 19. f3 Be7 20. 
Kg2 a6 21. Be5 Rad8 22. Nd6 c5 23. e4 Qc6 24. dxc5 Ba8 25. Qf2 Bf6 26. 
Bxf6 Rxf6 27. Qd4 Qc7 28. Nxb5 Rxd4 29. Nxc7 Rxd1 30. Rxd1 1/2-1/2

[Event "Team Championship, Div 1 Bd 3, S91129"]
[Site "CCLA"]
[Date "2019.10.12"]
[Round "?"]
[White "Caliguire, John J."]
[Black "Strelecky, Rich"]
[Result "1-0"]
[WhiteElo "2285"]
[BlackElo "1622"]
[Board "3"]
[WhiteTeam "PA KEYSTONES 'A'"]
[BlackTeam "PAWNTASTICS"]

1. Nf3 Nf6 2. b3 g6 3. Bb2 Bg7 4. c4 O-O 5. g3 d6 6. d4 e5 7. dxe5 Ng4 8. 
Qd2 Nxe5 9. Bg2 Nxf3+ 10. Bxf3 Bxb2 11. Qxb2 Qe8 12. Nc3 Nd7 13. O-O-O Ne5
14. Bg2 Ng4 15. e4 Qe5 16. f4 Qg7 17. Nd5 Qxb2+ 18. Kxb2 Nf2 19. Nxc7 
Nxd1+ 20. Rxd1 Bg4 21. Rxd6 Rac8 22. Nd5 Kg7 23. Ne3 Rcd8 24. e5 Bc8 25. 
c5 h6 26. Kc3 Rfe8 27. Nc4 g5 28. b4 gxf4 29. gxf4 Rg8 30. b5 Rde8 31. Bd5
Be6 32. Bxe6 fxe6 33. Rd7+ Kg6 34. Rxb7 Rb8 35. Rxb8 Rxb8 36. Nd6 Rh8 37. 
c6 Rh7 38. a4 Rg7 39. a5 Rc7 40. Kd4 Kh7 41. Kc5 Rg7 42. b6 axb6+ 43. axb6
Rg4 44. b7 Rxf4 45. b8=Q Rf1 46. c7 Rc1+ 47. Nc4 Kg6 48. c8=Q Kf5 49. Qb3 
Kf4 50. Qf8+ Kg5 51. Qg3+ Kh5 52. Qf7# 1-0

[Event "Team Championship, Div 1 Bd 3, S91129"]
[Site "CCLA"]
[Date "2019.10.12"]
[Round "?"]
[White "Caliguire, John J."]
[Black "Smith, Jason A."]
[Result "1-0"]
[WhiteElo "2285"]
[BlackElo "1749"]
[Board "3"]
[WhiteTeam "PA KEYSTONES 'A'"]
[BlackTeam "PA KEYSTONES 'B'"]

1. e4 e6 2. b3 d5 3. Bb2 dxe4 4. Nc3 Nf6 5. Qe2 Be7 6. Nxe4 O-O 7. Nf3 b6 
8. Nxf6+ Bxf6 9. Bxf6 Qxf6 10. Qe5 Qxe5+ 11. Nxe5 Bb7 12. f3 Nc6 13. Nxc6 
Bxc6 14. Kf2 Rfd8 15. Ke3 Kf8 16. h4 a5 17. h5 Ke7 18. Bd3 h6 19. a4 Rd6 
20. Rh4 Rad8 21. Rg4 Kf6 22. Rf1 Rd5 23. Be4 R5d6 24. Bxc6 Rxc6 25. Rf4+ 
Ke7 26. Rc4 Rxc4 27. bxc4 Kd6 28. Rb1 e5 29. Rb5 Ke6 30. c3 f5 31. d4 
exd4+ 32. cxd4 Kf6 33. c5 Kg5 34. cxb6 cxb6 35. g4 Re8+ 36. Kd3 g6 37. 
hxg6 Kxg6 38. Rxb6+ Kg5 39. Rb5 Rf8 40. Rxa5 Kf4 41. Rxf5+ Rxf5 42. gxf5 
Kxf5 43. a5 h5 44. a6 h4 45. a7 h3 46. a8=Q h2 47. Qd5+ Kf4 48. Ke2 h1=Q 
49. Qe5# 1-0

[Event "Team Championship, Div 1 Bd 3, S91129"]
[Site "CCLA"]
[Date "2019.10.12"]
[Round "?"]
[White "Caliguire, John J."]
[Black "Clancey, James"]
[Result "1-0"]
[WhiteElo "2285"]
[BlackElo "1865"]
[Board "3"]
[WhiteTeam "PA KEYSTONES 'A'"]
[BlackTeam "CASTLES WEST 'A'"]

1. e4 e5 2. Nf3 Nc6 3. Nc3 Nf6 4. g3 Bc5 5. Bg2 d6 6. d3 a6 7. Be3 O-O 8. 
O-O Bxe3 9. fxe3 Ne7 10. d4 Ng6 11. Qd3 Be6 12. a4 Rc8 13. b4 Qe7 14. a5 
Rfe8 15. Nd2 h6 16. d5 Bd7 17. Nd1 h5 18. h3 c6 19. c4 Nf8 20. Nc3 cxd5 
21. exd5 N8h7 22. Rab1 Ng5 23. Kh2 Rb8 24. Rb3 b5 25. axb6 Rxb6 26. e4 
Reb8 27. Rfb1 Ngh7 28. Qf3 Kh8 29. Qf2 a5 30. bxa5 Rxb3 31. Rxb3 Rxb3 32. 
Nxb3 Bc8 33. Qb6 Nd7 34. Qc6 Qe8 35. Nb5 Nhf6 36. Nxd6 1-0

[Event "Team Championship, Div 1 Bd 3, S91129"]
[Site "CCLA"]
[Date "2019.10.12"]
[Round "?"]
[White "Strelecky, Rich"]
[Black "Caliguire, John J."]
[Result "0-1"]
[WhiteElo "1622"]
[BlackElo "2285"]
[Board "3"]
[WhiteTeam "PAWNTASTICS"]
[BlackTeam "PA KEYSTONES 'A'"]

1. d4 e6 2. Nf3 Nf6 3. c4 b6 4. g3 Bb7 5. Bg2 Bb4+ 6. Bd2 Be7 7. O-O O-O 
8. Re1 d5 9. cxd5 exd5 10. Nh4 g6 11. Bg5 Nbd7 12. Nc3 Re8 13. a3 c5 14. 
Bxf6 Nxf6 15. Nf3 Rc8 16. Bh3 Ra8 17. e3 Ne4 18. Ne2 c4 19. Bg2 a6 20. Nd2
b5 21. Nxe4 dxe4 22. Qd2 f5 23. Qc3 Qd6 24. Nf4 g5 25. Ne2 Qg6 26. a4 Qe6 
27. Red1 b4 28. Qd2 Bd5 29. a5 Rab8 30. Ra4 Rec8 31. Rc1 Rc7 32. Bh3 h5 
33. Raa1 Bd6 34. Bg2 h4 35. gxh4 f4 36. exf4 gxf4 37. Rc2 e3 38. fxe3 Rg7 
39. Nxf4 Bxf4 40. exf4 Rxg2+ 41. Qxg2+ Bxg2 42. Rxg2+ Kf7 43. h5 Qe3+ 44. 
Kh1 Qe4 45. f5 Rg8 46. Rg1 Rxg2 47. Rxg2 c3 48. bxc3 bxc3 49. h3 c2 50. 
Kh2 c1=Q 51. d5 Qef4+ 52. Rg3 Qf2+ 53. Rg2 Qcg1# 0-1

[Event "Team Championship, Div 1 Bd 3, S91129"]
[Site "CCLA"]
[Date "2019.10.12"]
[Round "?"]
[White "Strelecky, Rich"]
[Black "Smith, Jason A."]
[Result "0-1"]
[WhiteElo "1622"]
[BlackElo "1749"]
[Board "3"]
[WhiteTeam "PAWNTASTICS"]
[BlackTeam "PA KEYSTONES 'B'"]

1. d4 e6 2. Bf4 Nf6 3. Nf3 b6 4. e3 Bb7 5. Be2 Be7 6. O-O Nh5 7. Be5 d6 8.
 Bg3 Nxg3 9. hxg3 Nd7 10. Nc3 h5 11. d5 e5 12. Bb5 g5 13. Bc6 Bxc6 14. 
dxc6 Nf8 15. Re1 Ng6 16. Nd5 g4 17. Nh2 f5 18. Nxe7 Qxe7 19. Qd3 e4 20. 
Qd5 Qf6 21. f3 h4 22. fxe4 hxg3 23. Nf1 Qh4 24. Qe6+ Ne7 25. Qd7+ Kf7 26. 
Nxg3 Qxg3 27. exf5 Qh2+ 28. Kf2 g3+ 29. Kf3 Qh5+ 30. Kf4 Rag8 31. e4 Rg4+ 
32. Ke3 Qg5+ 33. Kd3 Qf6 34. Qxc7 Rc8 35. Qxa7 Rxc6 36. c3 d5 37. exd5 
Qxf5+ 38. Kd2 Qxd5+ 39. Kc1 Re4 40. Rf1+ Ke6 41. Qb8 Qg5+ 42. Kb1 Re2 43. 
a3 Qd2 44. Ra2 Qd3+ 45. Ka1 Rxg2 46. Re1+ Re2 47. Rg1 Qe3 48. Rd1 Re1 49. 
Rb1 Qc1 50. Qe5+ Kxe5 51. Rxc1 Rxc1# 0-1

[Event "Team Championship, Div 1 Bd 3, S91129"]
[Site "CCLA"]
[Date "2019.10.12"]
[Round "?"]
[White "Strelecky, Rich"]
[Black "Clancey, James"]
[Result "1-0"]
[WhiteElo "1622"]
[BlackElo "1865"]
[Board "3"]
[WhiteTeam "PAWNTASTICS"]
[BlackTeam "CASTLES WEST 'A'"]

1. d4 Nf6 2. Nf3 e6 3. Bf4 d5 4. e3 c5 5. c3 Nc6 6. Nbd2 Bd6 7. Bxd6 Qxd6 
8. Bd3 O-O 9. O-O e5 10. Nxe5 Nxe5 11. dxe5 Qxe5 12. Nf3 Bg4 13. Nxe5 1-0

[Event "Team Championship, Div 1 Bd 3, S91129"]
[Site "CCLA"]
[Date "2019.10.12"]
[Round "?"]
[White "Smith, Jason A."]
[Black "Caliguire, John J."]
[Result "0-1"]
[WhiteElo "1749"]
[BlackElo "2285"]
[Board "3"]
[WhiteTeam "PA KEYSTONES 'B'"]
[BlackTeam "PA KEYSTONES 'A'"]

1. Nf3 Nc6 2. d4 d5 3. c4 Bg4 4. cxd5 Bxf3 5. gxf3 Qxd5 6. e3 O-O-O 7. Nc3
Qh5 8. Bd2 Nf6 9. f4 Qxd1+ 10. Rxd1 e6 11. Bg2 Ne7 12. Rc1 Nf5 13. h4 Be7 
14. h5 g6 15. hxg6 hxg6 16. Ke2 c6 17. Rxh8 Rxh8 18. Rh1 Rxh1 19. Bxh1 Nd6
20. e4 Nh5 21. d5 exd5 22. exd5 c5 23. Ne4 Nxe4 24. Bxe4 f5 25. Bf3 Bd6 
26. Bxh5 gxh5 27. f3 Kd7 28. Ke3 Be7 29. a3 Bf6 30. b4 c4 31. a4 c3 32. 
Bc1 c2 33. Kd3 h4 34. Kxc2 h3 35. b5 h2 36. Bb2 Bxb2 37. Kxb2 h1=Q 38. d6 
Kxd6 39. a5 Kc5 40. b6 Kc4 41. bxa7 Qg2+ 42. Ka1 Kc3 43. a8=Q Qb2# 0-1

[Event "Team Championship, Div 1 Bd 3, S91129"]
[Site "CCLA"]
[Date "2019.10.12"]
[Round "?"]
[White "Smith, Jason A."]
[Black "Strelecky, Rich"]
[Result "1-0"]
[WhiteElo "1749"]
[BlackElo "1622"]
[Board "3"]
[WhiteTeam "PA KEYSTONES 'B'"]
[BlackTeam "PAWNTASTICS"]

1. Nf3 Nf6 2. d4 e6 3. e3 b6 4. Bd3 Bb7 5. O-O Be7 6. Nbd2 O-O 7. b3 Re8 
8. Bb2 c5 9. dxc5 Bxc5 10. Ng5 e5 11. Nde4 Nxe4 12. Nxe4 Nc6 13. Nxc5 bxc5
14. Qh5 g6 15. Qh6 Nb4 16. Be2 d6 17. a3 Nd5 18. Bc4 Qd7 19. Rad1 Nb6 20. 
Be2 a5 21. f4 Qc6 22. Bf3 d5 23. fxe5 Qc7 24. e6 fxe6 25. Bh5 Re7 26. Bxg6
d4 27. exd4 hxg6 28. dxc5 Qxc5+ 29. Bd4 Qh5 30. Qxh5 gxh5 31. Bxb6 Ra6 32.
 Rd8+ Kh7 33. Bc5 Rg7 34. Rf2 Be4 35. Bd4 e5 36. Bxe5 Re7 37. Rh8+ Kg6 38.
 Bf4 Rh7 39. Rxh7 Kxh7 40. Re2 Bg6 41. c4 Rb6 42. Rb2 Bf7 43. Bc7 Rb7 44. 
Bxa5 Bxc4 45. b4 Rf7 46. h4 Rf1+ 47. Kh2 Ra1 48. Rc2 Bb3 49. Rc5 Kg6 50. 
Rg5+ Kh6 51. Bd8 Ra2 52. b5 Rxa3 53. b6 Ra8 54. Bc7 Ra4 55. g3 Ra2+ 56. 
Kg1 Ra1+ 57. Kf2 Ra2+ 58. Ke3 Bd1 59. b7 Re2+ 60. Kd3 Rb2 61. b8=Q Bc2+ 
62. Kc3 Rxb8 63. Bxb8 Bg6 64. Bf4 Kh7 65. Rxg6 Kxg6 66. Kd4 Kf5 67. Ke3 
Ke6 68. Kf3 Kf5 69. g4+ hxg4+ 70. Kg3 Kg6 71. Kxg4 Kf7 72. Kg5 Kg7 73. 
Be5+ Kf7 74. h5 Ke6 75. h6 Kxe5 76. h7 Ke6 77. h8=Q Kd5 78. Kf5 Kc4 79. 
Ke4 Kb4 80. Kd4 Kb5 81. Qc8 Kb6 82. Kc4 Ka7 83. Qc6 Kb8 84. Kb5 Ka7 85. 
Qd7+ Kb8 86. Kb6 Ka8 87. Qc8# 1-0

[Event "Team Championship, Div 1 Bd 3, S91129"]
[Site "CCLA"]
[Date "2019.10.12"]
[Round "?"]
[White "Smith, Jason A."]
[Black "Clancey, James"]
[Result "0-1"]
[WhiteElo "1749"]
[BlackElo "1865"]
[Board "3"]
[WhiteTeam "PA KEYSTONES 'B'"]
[BlackTeam "CASTLES WEST 'A'"]

1. Nf3 d5 2. e4 dxe4 3. Ng5 Nf6 4. Bc4 e6 5. Nc3 Be7 6. Ncxe4 Nxe4 7. Nxe4
O-O 8. d4 Nc6 9. c3 e5 10. d5 Na5 11. Be2 f5 12. Ng3 f4 13. Ne4 Bf5 14. 
Qd3 b5 15. O-O Qd7 16. Rd1 Nb7 17. b4 Nd6 18. f3 Nc4 19. Qc2 a5 20. Bxc4 
bxc4 21. Qe2 axb4 22. cxb4 Bxb4 23. Qxc4 Bd6 24. Nxd6 cxd6 25. a4 Rfc8 26.
 Qa2 Rc2 27. Qb3 Qa7+ 28. Kh1 Rb8 29. Qa3 Qf2 30. Rg1 Bh3 31. gxh3 Qxh2# 
0-1

[Event "Team Championship, Div 1 Bd 3, S91129"]
[Site "CCLA"]
[Date "2019.10.12"]
[Round "?"]
[White "Clancey, James"]
[Black "Caliguire, John J."]
[Result "0-1"]
[WhiteElo "1865"]
[BlackElo "2285"]
[Board "3"]
[WhiteTeam "CASTLES WEST 'A'"]
[BlackTeam "PA KEYSTONES 'A'"]

1. d4 e6 2. g3 c5 3. e4 cxd4 4. Na3 Bxa3 5. bxa3 Nc6 6. Ne2 Qa5+ 7. Qd2 
Qxd2+ 8. Bxd2 b6 9. f3 Nge7 10. c3 d3 11. Nd4 Ba6 12. a4 Nxd4 13. cxd4 d5 
14. Rc1 Kd7 15. Bc3 Rhc8 16. Kd2 Rc4 17. Bxd3 Rxa4 18. Bb1 Nc6 19. Bb2 Na5
20. exd5 exd5 21. Bd3 Bxd3 22. Kxd3 Nc4 23. Rc2 Re8 0-1

[Event "Team Championship, Div 1 Bd 3, S91129"]
[Site "CCLA"]
[Date "2019.10.12"]
[Round "?"]
[White "Clancey, James"]
[Black "Strelecky, Rich"]
[Result "1-0"]
[WhiteElo "1865"]
[BlackElo "1622"]
[Board "3"]
[WhiteTeam "CASTLES WEST 'A'"]
[BlackTeam "PAWNTASTICS"]

1. e4 d5 2. exd5 Nf6 3. c4 c6 4. Nc3 cxd5 5. d4 e6 6. Nf3 Be7 7. cxd5 Nxd5
8. g3 O-O 9. Bc4 Nxc3 10. bxc3 Qc7 11. Qd3 Bd7 12. Bf4 Qc6 13. Rb1 Rc8 14.
 Bb5 Qxc3+ 15. Qxc3 Rxc3 16. Bxd7 Nxd7 17. Rxb7 Rxf3 18. Rxd7 Bb4+ 19. Ke2
Ra3 20. Ra1 Bc3 21. Rb1 Rxa2+ 22. Kd3 Bb2 23. Rb7 g5 24. Bxg5 Ra3+ 25. Ke4
Bc3 26. Bf6 h6 27. Rc1 Rc8 28. h4 a5 29. g4 a4 30. g5 Rb3 31. Rd7 h5 32. 
g6 fxg6 33. Rg1 Bd2 34. Rxg6+ Kf8 35. Be5 Ke8 36. Rh7 Bb4 37. Rxe6+ Be7 
38. Rexe7+ Kd8 39. Bf6 1-0

[Event "Team Championship, Div 1 Bd 3, S91129"]
[Site "CCLA"]
[Date "2019.10.12"]
[Round "?"]
[White "Clancey, James"]
[Black "Smith, Jason A."]
[Result "1/2-1/2"]
[WhiteElo "1865"]
[BlackElo "1749"]
[Board "3"]
[WhiteTeam "CASTLES WEST 'A'"]
[BlackTeam "PA KEYSTONES 'B'"]

1. d4 e6 2. g3 c5 3. Nf3 cxd4 4. Nxd4 Qb6 5. Bg2 Bc5 6. e3 Nc6 7. O-O Nxd4
8. exd4 Bxd4 9. Nd2 Nf6 10. Nc4 Qc5 11. b3 Bxa1 12. Ba3 Qd4 13. Nd6+ Kd8 
14. Nxf7+ Ke8 15. Nd6+ Kd8 16. Qxa1 Qxa1 17. Rxa1 Rg8 18. Rd1 Rb8 19. c4 
Ne8 20. Nf7+ Kc7 21. Be4 Nf6 22. Bd6+ Kb6 23. c5+ Kb5 24. Bxb8 Nxe4 25. 
a4+ Kxc5 26. Rc1+ Kd5 27. Ne5 d6 28. Nd3 a6 29. Ba7 e5 30. f4 Bh3 31. Rc7 
h5 32. Rxb7 Rc8 33. Re7 Nd2 34. fxe5 dxe5 35. Rxe5+ Kd6 36. Rxh5 Bg4 37. 
Ra5 Nf3+ 38. Kf2 Rc2+ 39. Ke3 Nxh2 40. Rxa6+ Kc7 41. Kf4 Be2 42. Nb4 Bxa6 
43. Nxc2 Nf1 44. Nb4 Bc8 45. Bd4 g5+ 46. Kxg5 Nd2 47. Nd5+ Kd6 48. Nb6 Be6
49. Bc3 Ne4+ 50. Kh6 Nxc3 51. a5 Kc6 52. Nc4 Ne4 53. Ne5+ Kb5 54. b4 Nxg3 
55. Kg7 Kxb4 56. a6 Ka5 57. Kf6 Kxa6 1/2-1/2

[Event "Team Championship, Div 1 Bd 3, S91129"]
[Site "CCLA"]
[Date "2019.10.12"]
[Round "?"]
[White "Jarmuz, Frederick"]
[Black "Covey, Theodore"]
[Result "1-0"]
[WhiteElo "2243"]
[BlackElo "1606"]
[Board "5"]
[WhiteTeam "PA KEYSTONES 'A'"]
[BlackTeam "PAWNTASTICS"]

1. d4 d5 2. Nf3 Nf6 3. e3 e6 4. c4 c6 5. b3 Nbd7 6. Nbd2 Bd6 7. Bb2 Qe7 8.
 a3 O-O 9. Ne5 Ne4 10. Nxe4 dxe4 11. Qc2 f5 12. Be2 Nf6 13. h4 Bd7 14. h5 
Bxe5 15. dxe5 Ne8 16. f4 c5 17. g4 Rd8 18. O-O-O Nc7 19. Rd6 Ne8 20. h6 g6
21. Rhd1 Nxd6 22. exd6 Qh4 23. Qc3 Kf7 24. Qg7+ Ke8 25. g5 1-0

[Event "Team Championship, Div 1 Bd 3, S91129"]
[Site "CCLA"]
[Date "2019.10.12"]
[Round "?"]
[White "Jarmuz, Frederick"]
[Black "Corbin, John"]
[Result "1-0"]
[WhiteElo "2243"]
[BlackElo "1592"]
[Board "5"]
[WhiteTeam "PA KEYSTONES 'A'"]
[BlackTeam "PA KEYSTONES 'B'"]

1. d4 d5 2. Nf3 g6 3. c4 dxc4 4. e4 b5 5. a4 c6 6. axb5 cxb5 7. Nc3 Bd7 8.
 b3 Qc8 9. bxc4 bxc4 10. Be2 Bg7 11. O-O Bc6 12. Bxc4 Nf6 13. Ba3 Qc7 14. 
Bxf7+ Kxf7 15. Ng5+ Kg8 16. Qb3+ Nd5 17. Nxd5 Bxd5 18. Qxd5+ e6 19. Qxe6+ 
1-0

[Event "Team Championship, Div 1 Bd 3, S91129"]
[Site "CCLA"]
[Date "2019.10.12"]
[Round "?"]
[White "Jarmuz, Frederick"]
[Black "Bapple, Edward C."]
[Result "1/2-1/2"]
[WhiteElo "2243"]
[BlackElo "1972"]
[Board "5"]
[WhiteTeam "PA KEYSTONES 'A'"]
[BlackTeam "CASTLES WEST 'A'"]

1. d4 Nf6 2. Nf3 e6 3. c4 Bb4+ 4. Bd2 Bxd2+ 5. Qxd2 O-O 6. g3 d5 7. Bg2 c6
8. O-O Nbd7 9. a4 b6 10. cxd5 Ne4 11. Qd3 cxd5 12. Nc3 Nxc3 13. Qxc3 Ba6 
14. Qe3 Qe7 15. Rfc1 Rac8 16. b3 Qb4 17. h4 h6 18. g4 Kh7 19. g5 h5 20. 
g6+ Kxg6 21. Rxc8 Bxc8 22. Qd3+ Kf6 23. Rc1 Qd6 24. Qe3 g6 25. Qh6 Ke7 26.
 Qg5+ f6 27. Qxg6 Qf4 28. e3 Qg4 29. Qd3 Rg8 30. Ne1 Kd8 31. a5 Rg7 32. 
axb6 Nxb6 33. Qc2 Qxh4 34. Qc5 Ke8 35. Qc6+ Bd7 36. Qb7 Qe4 37. Qxa7 h4 
38. Kh2 Qg4 39. Qxb6 h3 40. Qb8+ Ke7 41. Qg3 hxg2 42. Qxg4 Rxg4 43. Nxg2 
Rg8 44. Nf4 Rb8 45. Nd3 Rxb3 46. Nc5 Ra3 47. Rb1 Ra7 48. Kg3 e5 49. f3 Bf5
50. Rb5 1/2-1/2